000 nam a22 a 4500
999 _c2149
_d2149
003 AKMAL
005 20170515130307.0
008 170515s1996 my 00 may d
020 _a967610664X (kkt.):
_cRM12.50
040 _aAKMAL
_cAKMAL
082 0 4 _a370.15 AIN
090 _a370.15
_bAIN
100 _aAinon Muhammad,
_d1950-
_9343
245 1 0 _aBerfikir dalam darjah :
_bpanduan mengajar kemahiran berfikir di sekolah /
_cAinon Mohd. & Abdullah Hassan
260 _aKuala Lumpur :
_bUtusan Publication & Distributors,
_c1996
300 _a165ms. :
_c22cm
650 _aThought and thinking
_xStudy and teaching
_91115
650 _aCreative thinking
_xStudy and teaching
_91116
650 _aCreative ability
_xStudy and teaching
_94491
700 0 _aAbdullah Hassan,
_d1942-
_9341
942 _2ddc
_cBOOK